Prekuzívna lehota v súvislosti s kontrolou vykázanej daňovej straty

Definícia preklúzivnej lehoty. Pojem preklúzia. K päťročnej prekluzívnej lehote. Výpočet päťročnej lehoty pri dani z príjmov a dani z pridanej hodnoty. K sedemročnej prekluzívnej lehote. Ilustračné príklady.

Guardado en:
Detalles Bibliográficos
Autor principal: Jurčíková, Božena
Formato: Capítulo de libro
Lenguaje:eslovaco
Materias:
Etiquetas: Agregar Etiqueta
Sin Etiquetas, Sea el primero en etiquetar este registro!

MARC

LEADER 00000naa a2200000 4500
001 0243065
005 20180523070133.4
041 0 |a slo 
044 |a SK 
245 1 0 |a Prekuzívna lehota v súvislosti s kontrolou vykázanej daňovej straty  |c Božena Jurčíková 
520 |a Definícia preklúzivnej lehoty. Pojem preklúzia. K päťročnej prekluzívnej lehote. Výpočet päťročnej lehoty pri dani z príjmov a dani z pridanej hodnoty. K sedemročnej prekluzívnej lehote. Ilustračné príklady. 
610 2 0 |a poriadok daňový 
610 2 0 |a dane z príjmov 
610 2 0 |a strata daňová 
610 2 0 |a správa daňová 
100 1 |a Jurčíková, Božena